LEADER 01461nam1 22004211 450 001 990001172470203316 005 20100908154553.0 035 $a000117247 035 $aUSA01000117247 035 $a(ALEPH)000117247USA01 035 $a000117247 100 $a20030911---------km-y0itab50------ba 101 $aeng 102 $aGB 200 1 $aHistory of linguistics$fedited by Giulio Lepschy 210 $aLondon [etc.]$cLongman 215 $av.$d22 cm. 225 2 $aLongman linguistic library 300 $aTrad. di : Storia della Linguistica 463 \1$1001990003438690203316$12001 $a<> : <> eastern traditions of linguistics 463 \1$1001990003438700203316$12001 $a<> : Classical and medieval linguistics 463 \1$1001990003438710203316$12001 $a<> : Renaissance and early modern linguistics 463 \1$1001990003438740203316$12001 $a<> : nineteen-Century linguistics 606 $aLinguistica$xStoria 676 $a410.9 702 1$aLEPSCHY,$bGiulio 912 $a990001172470203316 951 $aI.8.A.$bDSLL 959 $aBK 969 $aDSLL 979 $aPATRY$b90$c20030911$lUSA01$h1303 979 $aPATRY$b90$c20030911$lUSA01$h1303 979 $aPATRY$b90$c20040406$lUSA01$h1724 979 $aDSLL$b90$c20100908$lUSA01$h1515 979 $aDSLL$b90$c20100908$lUSA01$h1545 979 $aCHIARA$b90$c20121005$lUSA01$h1335 996 $aHistory of linguistics$9566903 997 $aUNISA